| 000 | 00000nam 2200000za 4500 |
| 001 | 9.698210 |
| 003 | CaOODSP |
| 005 | 20220804134821 |
| 007 | cr ||||||||||| |
| 008 | 150407|1983||||xxc|||||o f|0| 0 eng d |
| 040 | |aCaOODSP|beng |
| 043 | |an-cn--- |
| 086 | 1 |aA53-1672/1983E-PDF |
| 110 | 1 |aCanada.|bAgriculture Canada.|bResearch Branch. |
| 245 | 10|aTree fruits for the Prairie Provinces / |h[electronic resource]|c[by] W.G. Ronald and H.J. Temmerman. |
| 250 | |aRevised |
| 260 | |aOttawa - Ontario : |bAgriculture Canada. |cc1982 (1983 printing). |
| 300 | |a40p.|bfigs., map, table, photographs |
| 500 | |aHistorical publication digitized by Agriculture and Agri-Food Canada. "This publication replaces Publication 1222, Tree Fruits for the Prairies by J.W. Morrison, W.A. Cumming and H.J. Temmerman."--p.2 of 40. |
| 504 | |aBibliography. |
| 590 | |a13-17-Supp|b2013-07-25 |
| 690 | 07|aFruit crops|2gcpds |
| 690 | 07|aFarming|2gcpds |
| 775 | 08|tFruits de verger pour les provinces des Prairies / |w(CaOODSP)9.641898 |
| 794 | |tTree fruit production for the Prairie Provinces / |w(CaOODSP)9.696976 |
| 856 | 40|ahttp://publications.gc.ca|qPDF|s3.22 MB|uhttps://publications.gc.ca/collections/collection_2013/aac-aafc/agrhist/A53-1672-1983-eng.pdf |
| 986 | |a1672/E |